[Event "PohÃ¡r mÄ›sta Å˜Ã­Ä�any 2020"]
[Site "MÄ›stskÃ© kulturnÃ­ stÅ™edisko U labutÄ›"]
[Date "2020.08.25"]
[Round "5.20"]
[White "Cermak, Jan"]
[Black "Kuhnmund, Ivan"]
[Result "1-0"]
[WhiteElo "1971"]
[BlackElo "1682"]
[PlyCount "0"]
[EventDate "2020.08.22"]

1. e4 c5 2. Nf3 a6 3. g3 e6 4. Bg2 Nc6 5. O-O g6 6. d3 Bg7 7. c4 Nge7 8. Nc3
O-O 9. Be3 b6 10. Qd2 Re8 11. Nh4 Bb7 12. f4 Bd4 13. e5 Bxe3+ 14. Qxe3 Nf5
15. Nxf5 gxf5 16. g4 Rb8 17. gxf5 Nd4 18. Bxb7 Rxb7 19. f6 Kh8 20. Ne4 d5
21. Ng5 Nf5 22. Qh3 h6 23. Rad1 Rg8 24. Kf2 Rg6 25. Rg1 Qd7 26. Qh5 1-0

[Event "PohÃ¡r mÄ›sta Å˜Ã­Ä�any 2020"]
[Site "MÄ›stskÃ© kulturnÃ­ stÅ™edisko U labutÄ›"]
[Date "2020.08.25"]
[Round "5.21"]
[White "Skala, Jaromir"]
[Black "Popovsky, Ondrej"]
[Result "1-0"]
[WhiteElo "1891"]
[BlackElo "1766"]
[PlyCount "0"]
[EventDate "2020.08.22"]

1. d4 d5 2. Nf3 Nf6 3. c4 c6 4. Nc3 e6 5. e3 Nbd7 6. Bd3 dxc4 7. Bxc4 b5 8. Bd3
Bb7 9. O-O a6 10. b3 c5 11. Bb2 Be7 12. Rc1 O-O 13. Qe2 Qb6 14. Rfd1 Rfd8
15. dxc5 Nxc5 16. Bb1 b4 17. Rxd8+ Rxd8 18. Nd1 Be4 19. Bd4 Bxb1 20. Rxb1 Nfe4
21. Ne5 Nd6 22. Rc1 Nb5 23. Qh5 g6 24. Qf3 Qc7 25. Qxf7+ Kh8 26. Nxg6# 1-0

[Event "PohÃ¡r mÄ›sta Å˜Ã­Ä�any 2020"]
[Site "MÄ›stskÃ© kulturnÃ­ stÅ™edisko U labutÄ›"]
[Date "2020.08.25"]
[Round "5.22"]
[White "Pavlicek, Petr"]
[Black "Vit, Zdenek"]
[Result "0-1"]
[WhiteElo "1860"]
[BlackElo "1703"]
[PlyCount "0"]
[EventDate "2020.08.22"]

1. d4 Nf6 2. c4 g6 3. Nc3 d5 4. cxd5 Nxd5 5. e4 Nxc3 6. bxc3 Bg7 7. Be3 c5
8. Rc1 O-O 9. Be2 cxd4 10. cxd4 Qa5+ 11. Qd2 Qxd2+ 12. Kxd2 Nc6 13. Nf3 Rd8
14. d5 e6 15. Rc5 exd5 16. e5 Nxe5 17. Nxe5 Bxe5 18. Bf3 Be6 19. Rb1 b6 20. Rc6
Rac8 21. Rbc1 Rxc6 22. Rxc6 Rc8 23. Rxc8+ Bxc8 24. Bxd5 Kg7 25. f4 Bd6 26. Bd4+
Kf8 27. g3 Ke7 28. a4 Be6 29. Bc6 Bb4+ 30. Kd3 Kd6 31. Bb5 Kc7 32. Ke4 Bd6
33. Be5 a5 34. Bd4 f5+ 35. Kd3 Bd5 36. Bc4 Bxc4+ 37. Kxc4 Kc6 38. h3 h5 39. Bf2
Bb4 40. h4 Bc5 41. Be1 Bg1 42. Kb3 Kd5 0-1

[Event "PohÃ¡r mÄ›sta Å˜Ã­Ä�any 2020"]
[Site "MÄ›stskÃ© kulturnÃ­ stÅ™edisko U labutÄ›"]
[Date "2020.08.25"]
[Round "5.23"]
[White "Harcuba, Adam"]
[Black "Kubice, Jakub"]
[Result "1/2-1/2"]
[WhiteElo "1637"]
[BlackElo "1724"]
[PlyCount "0"]
[EventDate "2020.08.22"]

1. d4 d5 2. Nf3 c6 3. e3 Nd7 4. Bd3 Ngf6 5. Nbd2 g6 6. O-O Bg7 7. e4 Nxe4
8. Nxe4 dxe4 9. Bxe4 Nf6 10. Bd3 O-O 11. h3 Nd7 12. c3 e5 13. dxe5 1/2-1/2

[Event "PohÃ¡r mÄ›sta Å˜Ã­Ä�any 2020"]
[Site "MÄ›stskÃ© kulturnÃ­ stÅ™edisko U labutÄ›"]
[Date "2020.08.25"]
[Round "5.25"]
[White "Sargsyan, Karen"]
[Black "Chmelik, Ladislav"]
[Result "1-0"]
[WhiteElo "1918"]
[BlackElo "1774"]
[PlyCount "0"]
[EventDate "2020.08.22"]

1. c4 c5 2. Nf3 Nf6 3. g3 g6 4. Bg2 Bg7 5. O-O O-O 6. d4 cxd4 7. Nxd4 Nc6
8. Nc3 a6 9. Bg5 Qb6 10. Nb3 Re8 11. c5 Qc7 12. Bf4 e5 13. Bg5 b5 14. e4 h6
15. Bxf6 Bxf6 16. Nd5 Qd8 17. Qd2 Bg7 18. Nb6 Ra7 19. Rad1 Bf8 20. Bh3 Nb8
21. Nxc8 Qxc8 22. Rc1 Rc7 23. Rfd1 h5 24. Qd5 Qd8 25. Na5 Qc8 26. c6 Nxc6
27. Nxc6 Rxc6 28. Bxd7 Rxc1 29. Bxc8 Rxd1+ 30. Qxd1 Rxc8 31. Qd5 Rc5 32. Qa8 Rc2
33. Qxa6 Rxb2 34. Qa8 Kg7 35. Qd5 Kf6 36. f4 Rb1+ 37. Kg2 exf4 38. gxf4 Kg7
39. Qe5+ Kh7 40. Qf6 Kg8 41. f5 Bg7 42. Qd8+ Bf8 43. fxg6 fxg6 44. e5 b4 45. e6
Re1 46. Qe8 Re2+ 47. Kg1 1-0

[Event "PohÃ¡r mÄ›sta Å˜Ã­Ä�any 2020"]
[Site "MÄ›stskÃ© kulturnÃ­ stÅ™edisko U labutÄ›"]
[Date "2020.08.25"]
[Round "5.26"]
[White "Mejzr, Jan"]
[Black "Hozda, Max"]
[Result "1-0"]
[WhiteElo "1849"]
[BlackElo "1630"]
[PlyCount "0"]
[EventDate "2020.08.22"]

1. e4 c6 2. d4 d5 3. e5 Bf5 4. Ne2 e6 5. Ng3 Bg6 6. h4 h6 7. h5 Bh7 8. Bd3 Bxd3
9. cxd3 c5 10. dxc5 Bxc5 11. d4 Bb4+ 12. Bd2 Bxd2+ 13. Nxd2 Qb6 14. Qg4 Kf8
15. O-O Qxb2 16. Nf3 Qb5 17. Nh4 Qd7 18. f4 Ne7 19. f5 exf5 20. Ngxf5 Nxf5
21. Nxf5 Rh7 22. e6 Qxe6 23. Rae1 Qc6 24. Nd6 Na6 25. Qg6 1-0

[Event "PohÃ¡r mÄ›sta Å˜Ã­Ä�any 2020"]
[Site "MÄ›stskÃ© kulturnÃ­ stÅ™edisko U labutÄ›"]
[Date "2020.08.25"]
[Round "5.27"]
[White "Rucabado, Stefan"]
[Black "Lhotska, Anna"]
[Result "0-1"]
[WhiteElo "1570"]
[BlackElo "1793"]
[PlyCount "0"]
[EventDate "2020.08.22"]

1. e4 c5 2. Nf3 d6 3. d4 cxd4 4. Nxd4 Nf6 5. Nc3 a6 6. Bg5 Nbd7 7. Qe2 b5 8. a3
Bb7 9. f4 Qc7 10. O-O-O e6 11. f5 e5 12. Nb3 Be7 13. Bxf6 Nxf6 14. g4 h5 15. Bh3
hxg4 16. Bxg4 Rc8 17. Rhg1 Qc4 18. Rde1 Qxe2 19. Rxe2 Rxc3 20. bxc3 Nxe4 21. Kb2
Rh4 22. Bf3 Nxc3 23. Bxb7 Nxe2 24. Rxg7 Rxh2 25. Bxa6 Bf6 26. Rg8+ Ke7 27. a4
bxa4 28. Bb5 e4+ 29. Ka3 Be5 30. Na5 Nc3 31. Nc6+ Kf6 32. Bc4 d5 33. Nxe5 Kxe5
0-1

[Event "PohÃ¡r mÄ›sta Å˜Ã­Ä�any 2020"]
[Site "MÄ›stskÃ© kulturnÃ­ stÅ™edisko U labutÄ›"]
[Date "2020.08.25"]
[Round "5.28"]
[White "Neuhoff, Laertes"]
[Black "Konvalinka, Vladislav"]
[Result "1-0"]
[WhiteElo "1700"]
[BlackElo "1731"]
[PlyCount "0"]
[EventDate "2020.08.22"]

1. e4 Nf6 2. e5 Nd5 3. c4 Nb6 4. d4 d6 5. exd6 exd6 6. Bd3 Be7 7. h3 O-O 8. Nf3
Nc6 9. d5 Ne5 10. Nxe5 dxe5 11. O-O Bd7 12. Re1 Bc5 13. Be3 Bxe3 14. Rxe3 Qh4
15. Rxe5 Qf4 16. Re4 Qg5 17. Re3 Rae8 18. Rg3 Qe5 19. Nc3 f5 20. c5 Nc8 21. Qb3
f4 22. Rf3 b6 23. c6 Bf5 24. Bxf5 Qxf5 25. d6+ Re6 26. Re1 Kf7 27. Rxf4 1-0

[Event "PohÃ¡r mÄ›sta Å˜Ã­Ä�any 2020"]
[Site "MÄ›stskÃ© kulturnÃ­ stÅ™edisko U labutÄ›"]
[Date "2020.08.25"]
[Round "5.29"]
[White "Kalvach, Ladislav"]
[Black "Rousek, Jan"]
[Result "1-0"]
[WhiteElo "1761"]
[BlackElo "1665"]
[PlyCount "0"]
[EventDate "2020.08.22"]

1. c4 e5 2. e3 Nf6 3. Nc3 d5 4. cxd5 Nxd5 5. Nf3 Nc6 6. Bb5 Nxc3 7. bxc3 Bd6
8. d4 exd4 9. cxd4 O-O 10. O-O Bg4 11. h3 Bh5 12. Rb1 Qf6 13. Be2 b6 14. Qa4 Bg6
15. Rb2 a5 16. a3 Ne7 17. Nd2 c5 18. Bf3 Rab8 19. Be4 cxd4 20. exd4 Nf5 21. Nb3
Nxd4 22. Bxg6 Ne2+ 23. Rxe2 fxg6 24. Qc4+ Kh8 25. Re6 Qd8 26. Nd4 Rc8 27. Qe2
Bc5 28. Nf3 Rc7 29. Bb2 Qc8 30. Re1 Rcf7 31. Qe4 Qd7 32. Bd4 Bxd4 33. Qxd4 Qxd4
34. Nxd4 Rxf2 35. Rxb6 Ra2 36. Ne6 Rc8 37. Nc7 Rxa3 38. Re8+ Rxe8 39. Nxe8 Ra1+
40. Kh2 a4 41. Rb8 1-0

[Event "PohÃ¡r mÄ›sta Å˜Ã­Ä�any 2020"]
[Site "MÄ›stskÃ© kulturnÃ­ stÅ™edisko U labutÄ›"]
[Date "2020.08.25"]
[Round "5.30"]
[White "Feierfeil, Jiri"]
[Black "Studzinski, Boleslav"]
[Result "1-0"]
[WhiteElo "1719"]
[BlackElo "1678"]
[PlyCount "0"]
[EventDate "2020.08.22"]

1. d4 d6 2. g3 Nf6 3. Bg2 Nc6 4. c4 d5 5. cxd5 Nxd5 6. e4 Nf6 7. Ne2 g6 8. Nbc3
e5 9. d5 Nb8 10. O-O Bg7 11. Bg5 O-O 12. Rc1 c6 13. Qb3 Qb6 14. Qxb6 axb6
15. Rfd1 Rd8 16. a3 Bd7 17. f4 Re8 18. fxe5 Rxe5 19. Bf4 Re8 20. h3 Na6 21. g4
cxd5 22. exd5 Nc5 23. Nd4 h6 24. Bc7 Na4 25. Nxa4 Rxa4 26. Bxb6 Ne4 27. Rc7 Ra6
28. Rxb7 Bc8 29. Rb8 Nf6 30. Bf1 Nd7 31. Rxc8 Rxc8 32. Bxa6 Nxb6 33. Bxc8 1-0